Library Banner

Dunniya kay azeem sciencedan (Urdu)(دنیا کے عظیم سائینسدان) (Record no. 38889)

MARC details
000 -LEADER
fixed length control field 00809nam a2200217Ia 4500
001 - CONTROL NUMBER
control field 39582
003 - CONTROL NUMBER IDENTIFIER
control field OSt
005 - DATE AND TIME OF LATEST TRANSACTION
control field 20150617113746.0
008 - FIXED-LENGTH DATA ELEMENTS--GENERAL INFORMATION
fixed length control field 140423s9999 xx 000 0 und d
020 ## - INTERNATIONAL STANDARD BOOK NUMBER
International Standard Book Number NA
040 ## - CATALOGING SOURCE
Transcribing agency PK-LaUMT
082 ## - DEWEY DECIMAL CLASSIFICATION NUMBER
Classification number 509.2
Item number URD-D
100 ## - MAIN ENTRY--PERSONAL NAME
Personal name Roqayyah Jafri(رقییہ جعفری)
110 ## - MAIN ENTRY--CORPORATE NAME
Corporate name or jurisdiction name as entry element Urdu Science Board(اردو سائینس بورڈ)
245 ## - TITLE STATEMENT
Title Dunniya kay azeem sciencedan (Urdu)(دنیا کے عظیم سائینسدان)
Statement of responsibility, etc Roqayyah Jafri<>Srafraz Ahamd<>Urdu Science Board(رقیہ جعفری، سرفراز احمد ، اردو سائینس بورڈ)
260 ## - PUBLICATION, DISTRIBUTION, ETC. (IMPRINT)
Place of publication, distribution, etc Lahore,Pakistan:(لاہور، پاکستان )
Name of publisher, distributor, etc Urdu Science Board,(اردو سائینس بورڈ)
Date of publication, distribution, etc 2004
300 ## - PHYSICAL DESCRIPTION
Extent 621 p.
546 ## - LANGUAGE NOTE
Language note UR
700 ## - ADDED ENTRY--PERSONAL NAME
Personal name Srafraz Ahamd
942 ## - ADDED ENTRY ELEMENTS (KOHA)
Koha item type Books
Source of classification or shelving scheme Dewey Decimal Classification
Holdings
Withdrawn status Lost status Damaged status Not for loan Home library Current library Date acquired Total Checkouts Full call number Barcode Date last seen Date checked out Price effective from Koha item type
        UMT Main Campus UMT Main Campus 2014-04-23 6 509.2 URD-D 42607 2023-08-07 2022-02-10 2014-05-05 Books